000 00263nam a22001217a 4500
008 181029b xxu||||| |||| 00| 0 eng d
041 _aeng
080 _a616
100 _a8
101 _aKAR
245 _aCardiac Arrhythmias
_cPrystowsky, E.N
942 _2udc
_cBK
999 _c51065
_d51065